Loop expansion of the average effective action in the functional renormalization group approach; Physical Review D; Vol. 92, iss. 8

التفاصيل البيبلوغرافية
Parent link:Physical Review D: particles, fields, gravitation, and cosmology.— , 1970-
Vol. 92, iss. 8.— 2015.— [096004]
المؤلف الرئيسي: Lavrov P. M. Petr Mikhaylovich
مؤلف مشترك: Национальный исследовательский Томский политехнический университет (ТПУ) Физико-технический институт (ФТИ) Кафедра высшей математики и математической физики (ВММФ)
مؤلفون آخرون: Merzlikin B. S. Boris Sergeevich
الملخص:Title screen
We formulate a perturbation expansion for the effective action in a new approach to the functional renormalization group method based on the concept of composite fields for regulator functions being their most essential ingredients. We demonstrate explicitly the principal difference between the properties of effective actions in these two approaches existing already on the one-loop level in a simple gauge model.
Режим доступа: по договору с организацией-держателем ресурса
اللغة:الإنجليزية
منشور في: 2015
الموضوعات:
الوصول للمادة أونلاين:http://dx.doi.org/10.1103/PhysRevD.92.085038
التنسيق: الكتروني فصل الكتاب
KOHA link:https://koha.lib.tpu.ru/cgi-bin/koha/opac-detail.pl?biblionumber=645309

MARC

LEADER 00000nla0a2200000 4500
001 645309
005 20251015103414.0
035 |a (RuTPU)RU\TPU\network\10393 
035 |a RU\TPU\network\9318 
090 |a 645309 
100 |a 20151215d2015 k||y0rusy50 ba 
101 0 |a eng 
102 |a US 
135 |a drcn ---uucaa 
181 0 |a i  
182 0 |a b 
200 1 |a Loop expansion of the average effective action in the functional renormalization group approach  |f P. M. Lavrov, B. S. Merzlikin 
203 |a Text  |c electronic 
300 |a Title screen 
320 |a [References: 16 tit.] 
330 |a We formulate a perturbation expansion for the effective action in a new approach to the functional renormalization group method based on the concept of composite fields for regulator functions being their most essential ingredients. We demonstrate explicitly the principal difference between the properties of effective actions in these two approaches existing already on the one-loop level in a simple gauge model. 
333 |a Режим доступа: по договору с организацией-держателем ресурса 
461 |t Physical Review D  |o particles, fields, gravitation, and cosmology  |o Scientific Journal  |d 1970- 
463 |t Vol. 92, iss. 8  |v [096004]  |d 2015 
610 1 |a электронный ресурс 
610 1 |a труды учёных ТПУ 
700 1 |a Lavrov  |b P. M.  |g Petr Mikhaylovich 
701 1 |a Merzlikin  |b B. S.  |c mathematician  |c research engineer, Senior Lecturer of Tomsk Polytechnic University, candidate of physico-mathematical Sciences  |f 1987-  |g Boris Sergeevich  |3 (RuTPU)RU\TPU\pers\30925  |9 15163 
712 0 2 |a Национальный исследовательский Томский политехнический университет (ТПУ)  |b Физико-технический институт (ФТИ)  |b Кафедра высшей математики и математической физики (ВММФ)  |3 (RuTPU)RU\TPU\col\18727 
801 2 |a RU  |b 63413507  |c 20151215  |g RCR 
856 4 |u http://dx.doi.org/10.1103/PhysRevD.92.085038 
942 |c CF